00605cam a22002411 4500001001300000003000400013005001700017008004100034010001700075035002000092040001800112042001200130050002400142100002400166245001900190260001400209300002700223500001500250500001200265504003200277700003700309999001700346sa 68002847 DLC20260227112447.0890606s1958 np b 000 0 nepo  asa 68002847  a(OCoLC)19824911 aDLCcWaUdDLC apremarc00aPK2598.H3bD48 19580 aHaridāsa,d1848?-10aDhruva carita. c[1958/59] a13, 11, [3] p.c19 cm. aIn Nepali. aA poem. aBibliography : p. [13]-[14]1 aDixit, Kamalmani Acharya,d1929- c79034d79034